Ordinarivs Senior Ceteriqve Assessores Facvltatis Ivridicae Lipsiensis Memoriam Schv͏̈tzio-Gersdorfianam Die VI. Ivlii A. MDCCLXXXV. Hora IX In Avditorio Svo Recolendam Indicvnt.: Inest Corollarium iuris criminalis decimum octauum ; [Scribebamus Dominica VI. post Festum Trinit. anno MDCCLXXXV.]
| Subtitles: | Corollarium iuris criminalis decimum octavum |
|---|---|
| Corporate Author: | |
| Format: | Print Book |
| Language: | Latin German |
| Subito Delivery Service: | Order now. |
| Check availability: | HBZ Gateway |
| WorldCat: | WorldCat |
| Interlibrary Loan: | Interlibrary Loan for the Fachinformationsdienste (Specialized Information Services in Germany) |
| Published: |
[Leipzig]
Saalbach
1785
|
| In: | Year: 1785 |
| Standardized Subjects / Keyword chains: | B
Law
|
| Further subjects: | B
Gelegenheitsschrift:Einladung
B Thesis B Universitätsprogramm |
| Sammlungen: |
MARC
| LEADER | 00000cam a2200000 c 4500 | ||
|---|---|---|---|
| 001 | 752199765 | ||
| 003 | DE-627 | ||
| 005 | 20250210223202.0 | ||
| 007 | tu | ||
| 008 | 130715s1785 xx ||||| m 00| ||lat c | ||
| 024 | 7 | |a VD18 90449304 |2 vd18 | |
| 024 | 7 | |z VD18 11075678-ddd |2 vd18 | |
| 035 | |a (DE-627)752199765 | ||
| 035 | |a (DE-576)9752199763 | ||
| 035 | |a (DE-599)GBV752199765 | ||
| 035 | |a (OCoLC)931299257 | ||
| 040 | |a DE-627 |b ger |c DE-627 |e rakwb | ||
| 041 | |a lat |a ger | ||
| 044 | |c XA-DXDE | ||
| 084 | |a 2 |a 1 |2 ssgn | ||
| 084 | |a 86.00 |2 bkl | ||
| 245 | 0 | 0 | |a Ordinarivs Senior Ceteriqve Assessores Facvltatis Ivridicae Lipsiensis Memoriam Schv͏̈tzio-Gersdorfianam Die VI. Ivlii A. MDCCLXXXV. Hora IX In Avditorio Svo Recolendam Indicvnt. |b Inest Corollarium iuris criminalis decimum octauum ; [Scribebamus Dominica VI. post Festum Trinit. anno MDCCLXXXV.] |
| 246 | 3 | 0 | |a ordinarius ceterique facultatis iuridicae Schützio-Gersdorfianam Iulii auditorio suo indicunt |
| 246 | 3 | 3 | |a Corollarium iuris criminalis decimum octavum |
| 264 | 1 | |a [Leipzig] |b Saalbach |c 1785 | |
| 300 | |a XVI S. |c 4° | ||
| 336 | |a Text |b txt |2 rdacontent | ||
| 337 | |a ohne Hilfsmittel zu benutzen |b n |2 rdamedia | ||
| 338 | |a Band |b nc |2 rdacarrier | ||
| 361 | 1 | |5 DE-1 |y 593767640 |s Fi 1761 |o Vorbesitz |a Deutsches Reich. Reichsmilitärgericht. Bibliothek |0 (DE-588)3019884-7 |0 (DE-627)148499627 |0 (DE-576)19472932X |f Stempel |f Wappen | |
| 361 | 1 | |5 DE-1 |y 593767640 |s Fi 1761 |o Vorbesitz |a Deutsches Reich. Reichsmilitärgericht. Bibliothek |0 (DE-588)3019884-7 |0 (DE-627)148499627 |0 (DE-576)19472932X |f Aussonderungsexemplar |f Stempel |k 1894-04-28 | |
| 500 | |a Vorlageform des Kolophons: Ex Officina Saalbachia | ||
| 601 | |a Dominica | ||
| 655 | 7 | |a Hochschulschrift |0 (DE-588)4113937-9 |0 (DE-627)105825778 |0 (DE-576)209480580 |2 gnd-content | |
| 655 | 7 | |a Universitätsprogramm |0 (DE-627)096633263 |2 local | |
| 655 | 7 | |a Gelegenheitsschrift:Einladung |0 (DE-627)096631570 |2 local | |
| 689 | 0 | 0 | |d s |0 (DE-588)4048737-4 |0 (DE-627)106189719 |0 (DE-576)20907907X |2 gnd |a Recht |
| 689 | 0 | |5 (DE-627) | |
| 710 | 2 | |0 (DE-588)6147018-1 |0 (DE-627)731535235 |0 (DE-576)326062394 |4 prt |a Officina Saalbachia |g Leipzig | |
| 751 | |a Leipzig |4 pup | ||
| 850 | |a RedVD18-DE-3 | ||
| 912 | |a vd18 | ||
| 935 | |a RFBW |a mteo | ||
| 935 | |i vd18 | ||
| 936 | b | k | |a 86.00 |j Recht: Allgemeines |q ARK |0 (DE-627)106416456 |
| 951 | |a BO | ||
| ELC | |b 1 | ||
| LOK | |0 000 xxxxxcx a22 zn 4500 | ||
| LOK | |0 001 4536718443 | ||
| LOK | |0 003 DE-627 | ||
| LOK | |0 004 752199765 | ||
| LOK | |0 005 20240612100555 | ||
| LOK | |0 008 240612||||||||||||||||ger||||||| | ||
| LOK | |0 040 |a DE-Tue135 |c DE-627 |d DE-Tue135 | ||
| LOK | |0 092 |o n | ||
| LOK | |0 852 |a DE-Tue135 | ||
| LOK | |0 852 1 |9 00 | ||
| LOK | |0 866 |x SPQUE#Reformationsgeschichtliche Forschungsbibliothek Wittenberg#SPSAM#Lutherhaus#SPUSM#Melanchthonhaus | ||
| LOK | |0 935 |a RFBW |a lglu |a lgme | ||
| LOK | |0 939 |a 12-06-24 |b l01 | ||
| ORI | |a SA-MARC-ixtheoa001.raw | ||
| STA | 0 | 0 | |a Law,Law,Right,Law,Jurisprudence,Law in literature |
| STB | 0 | 0 | |a Droit,Droit |
| STC | 0 | 0 | |a Derecho,Derecho |
| STD | 0 | 0 | |a Diritto,Diritto |
| STE | 0 | 0 | |a 法律,法律,法制,法制 |
| STF | 0 | 0 | |a 法律,法律,法制,法制 |
| STG | 0 | 0 | |a Direito,Direito |
| STH | 0 | 0 | |a Право (мотив),Право |
| STI | 0 | 0 | |a Δίκαιο (μοτίβο),Δίκαιο |